004800000a2200157000450024500820000065000100008265000160009265000180010865000300012665000150015604100130017170000240018470000210020810000270022977300660025610aOrganization, diversity and long-term dynamics of a neotropical bat community14aFauna14aMamíferos14aMurciélagos14aEcología de poblaciones14aBiología0 aInglés1 aHandley, Charles O.1 aHandley, Darelyn1 aKalko, Elisabeth K. V.1 tLongTerm Studies of Vertebrate Communities390q503-553d1996